书目信息 |
| 题名: |
马克思主义诞生史
|
|
| 作者: | 葛锡有 , 赵邨方 , 靳辉明 , 蔡金发 著 | |
| 分册: | ||
| 出版信息: | 长春 吉林人民出版社 1982.8 |
|
| 页数: | 465页 | |
| 开本: | 19cm | |
| 丛书名: | ||
| 单 册: | ||
| 中图分类: | A81 | |
| 科图分类: | ||
| 主题词: | 马恩著作--学习 , 马恩著作研究 | |
| 电子资源: | ||
| ISBN: | ||
| 000 | 00689nam0 2200241 45 | |
| 001 | 0312221749 | |
| 005 | 20050517170713.5 | |
| 010 | @dCNY1.25 | |
| 100 | @a20031222d1982 km y0chiy0120 ea | |
| 101 | @achi | |
| 105 | @a z 000yy | |
| 200 | 1 | @a马克思主义诞生史@AMa Ke Si Zhu Yi Dan Sheng Shi@f葛锡有,赵邨方,靳辉明,蔡金发著@FGe Xi You,Zhao Cun Fang,Jin Hui Ming,Cai Jin Fa Zhu |
| 210 | @a长春@c吉林人民出版社@d1982.8 | |
| 215 | @a465页@d19cm | |
| 606 | 0 | @a马恩著作@x学习 |
| 606 | 0 | @a马恩著作研究 |
| 690 | @aA81@v3 | |
| 701 | 0 | @a葛锡有@4著 |
| 701 | 0 | @a赵邨方@4著 |
| 701 | 0 | @a靳辉明@4著 |
| 701 | 0 | @a蔡金发@4著 |
| 801 | @aCN@bTSTCL@c20031222 | |
| 905 | @dA81@e140@f1@b228412 | |
| 马克思主义诞生史/葛锡有,赵邨方,靳辉明,蔡金发著.-长春:吉林人民出版社,1982.8 |
| 465页;19cm |
| ISBN :CNY1.25 |
| ● |
| 相关链接 |
|
|
|
|
正题名:马克思主义诞生史
索取号:A81/140
 
预约/预借
| 序号 | 登录号 | 条形码 | 馆藏地/架位号 | 状态 | 备注 |
| 1 | 0228412 | 002047797 | 第一样本阅览室/ [索取号:A81/140] | 在馆 | |
| 2 | 0229627 | 001787178 | 密集书库/ [索取号:A81/140] | 在馆 | |
| 3 | 0229628 | 001787203 | 密集书库/ [索取号:A81/140] | 在馆 | |
| 4 | 0229629 | 001787169 | 密集书库/ [索取号:A81/140] | 在馆 | |
| 5 | 0229630 | 001787123 | 密集书库/ [索取号:A81/140] | 在馆 |